10 municipis de Catalunya amb més densitat de població - Statistics

General Stats
  • This quiz has been taken 98 times
  • The average score is 7 of 10
Answer Stats
Comarca Població Densitat (hab./km²) Municipi % Correct
Barcelonès 1.686.000 16.640 Barcelona
100%
Barcelonès 282.000 22.760 l'Hospitalet de Llobregat
96%
Barcelonès 226.000 10.680 Badalona
93%
Barcelonès 121.000 17.270 Santa Coloma de Gramenet
77%
Baix Llobregat 91.000 13.050 Cornellà de Llobregat
76%
Barcelonès 38.000 10.120 Sant Adrià de Besós
72%
Maresme 24.000 7.210 el Masnou
49%
Baix Llobregat 48.000 10.370 Esplugues de Llobregat
49%
Maresme 29.000 13.710 Premià de Mar
44%
Vallès Occidental 39.000 9.110 Ripollet
41%
No matching quizzes found
Score Distribution
Percent of People with Each Score
Percentile by Number Answered
Your Score History
You have not taken this quiz